| 000 | 00445cam a22001097a 4500 | ||
|---|---|---|---|
| 008 | 180718b1961 xxu||||| |||| 00| 0 eng d | ||
| 082 | _aT39055x54/In2 | ||
| 245 |
_aDirectory of exporters of Indian produce and manufactures _cby Department of Commercial Intelligence and Statistics, West Bengal |
||
| 260 |
_aCalcutta _bGovernment of India Press _c1961 |
||
| 300 | _a190+p | ||
| 700 | _aWest Bengal. Department of Commercial Intelligence and Statistics | ||
| 999 |
_c497577 _d497577 |
||